| 000 | 00563nam a2200145Ia 4500 | ||
|---|---|---|---|
| 008 | 170221s9999 xx 000 0 und d | ||
| 100 | _aDarmesh Krishanan | ||
| 245 | _aConsumers' Perceived Interactivity & Intention to Use Mobile Banking in Structural Equation Modeling | ||
| 245 | _cDarmesh Krishanan, Aye Aye Khin, Kevin Low Lock Teng, Karuthan Chinna | ||
| 260 | _bInternational Review of Management and Marketing | ||
| 260 | _cDecember 2015 | ||
| 300 | _a7:2 | ||
| 650 | _xMarketing. | ||
| 856 | _uhttp://www.econjournals.com/index.php/irmm/issue/view/88 | ||
| 999 |
_c310058 _d310058 |
||